000 01064nam a22002417a 4500
008 110525s2008 enk|||||r|||| 000 j eng d
020 _a1405876913
020 _a9781405876919
020 _a9781405879040 (CD-ROM)
082 _222
_a428.6
_bDIL
100 _924072
_aDillard, J. M.
245 _aThe Fugitive /
_cJ M Dillard; Retold by Michael Nation
260 _aHarlow :
_bPearson Education, 2008
_c2008
300 _av, 48 p. :
_bcol. ill. ;
_c20 cm. +
_e1 CD-ROM (4 3/4 in.)
490 _95756
_aPenguin readers ;
_nLevel 3
521 _aA2: Pre-Intermediate
650 _924032
_aHigh interest-low vocabulary books
653 _bENG
_cMay2011
700 _924073
_aNation, Michael
_enrt
942 _2ddc
_cBB
999 _c15378
_d15378